| 000 | 00620nam a2200205Ia 4500 | ||
|---|---|---|---|
| 005 | 20250508164801.0 | ||
| 008 | 008 250505s9999 xx 000 0 eng d | ||
| 037 | _aReference | ||
| 040 |
_aFEDL _beng _cFEDL |
||
| 041 |
_aeng _2eng |
||
| 084 |
_a300, NCE/RR _qFEDL |
||
| 245 | 0 | _aDemocratic politics: Textbook in Political science for class 9th | |
| 245 | 0 | _cN C E R T | |
| 260 |
_aNew Delhi, India _bNational Council of Educational Research and Training _c2006 |
||
| 300 | _aix,112p. | ||
| 365 |
_aINR _b50 |
||
| 490 | _aSocial science | ||
| 942 |
_cREF _h300, NCE/RR |
||
| 999 |
_c1391142 _d1391142 |
||